Lịch sử thế giới cận đại /
Đã lưu trong:
| Tác giả chính: | |
|---|---|
| Tác giả khác: | |
| Định dạng: | Sách giấy |
| Ngôn ngữ: | Vietnamese |
| Được phát hành: |
H. :
Giáo dục,
2010.
|
| Phiên bản: | Tái bản lần thứ mười bốn. |
| Những chủ đề: | |
| Các nhãn: |
Thêm thẻ
Không có thẻ, Là người đầu tiên thẻ bản ghi này!
|
| Thư viện lưu trữ: | Thư viện Trường Đại học Đà Lạt |
|---|
| LEADER | 00899nam a2200349 4500 | ||
|---|---|---|---|
| 001 | DLU110126713 | ||
| 003 | ##DLU | ||
| 005 | ##20111014 | ||
| 008 | ##021230t vn z000 vie d | ||
| 040 | # | # | |a DLU |b vie |
| 041 | # | # | |a vie |
| 044 | # | # | |a vn |
| 082 | # | # | |a 909 |b VU-N |
| 100 | # | # | |a Vũ Dương Ninh. |
| 245 | # | # | |a Lịch sử thế giới cận đại / |c Vũ Dương Ninh, Nguyễn Văn Hồng. |
| 250 | # | # | |a Tái bản lần thứ mười bốn. |
| 260 | # | # | |a H. : |b Giáo dục, |c 2010. |
| 300 | # | # | |a 563 tr. ; |c 24 cm. |
| 650 | # | # | |a Lịch sử thế giới. |
| 650 | # | # | |a Lịch sử, Cận đại. |
| 700 | # | # | |a Nguyễn Văn Hồng. |
| 923 | # | # | |a 16/2011 |
| 991 | # | # | |a GT |
| 992 | # | # | |a 61000 |
| 994 | # | # | |a DLU |
| 900 | # | # | |a True |
| 911 | # | # | |a Đào Thị Thu Huyền |
| 925 | # | # | |a G |
| 926 | # | # | |a A |
| 927 | # | # | |a SH |
| 980 | # | # | |a Thư viện Trường Đại học Đà Lạt |